00888 2200265 4500001002100000005001500021035002500036008004100061040001700102041000800119082001600127084001800143090002000161245011500181260004300296300002300339500002900362650002700391850001200418100002500430250001900455504002700474505010300501990001800604INLIS00000000002825820190412014405 a0010-061700000000166170606s1953 jki g ind d aYOPDYOGbind0 aind 223a899.221 a899.221 TEE p aL 899.221 TEE p aPokok dan tokoh dalam kesusasteraan Indonesia baru :bdengan sebuah sumbangan dari Dr. R. Roolvink /cA. Teeuw aDjakarta :bJajasan Pembangunan,c1953 a253 hlm. ;c18 cm. aDalam Bentuk Aksara Jawa 4aKesusastraan Indonesia aYOPDYOG1 aTeeuw, A.ePengarang atjetakan kedua aBibliografi : hlm. 253 aBuku berisi informasi mengenai perkembangan kesusasteraan Indonesia sebelum dan setelah tahun 1942 a54669-PD/A.17